Java first contact

Wedi'i Gadw mewn:
Manylion Llyfryddiaeth
Prif Awdur: Garside, Roger
Awduron Eraill: Mariani, John
Fformat: Llyfr
Iaith:Undetermined
Cyhoeddwyd: Brooks/cole Thomson Learning 2003
Pynciau:
Mynediad Ar-lein:http://lrc.tdmu.edu.vn/opac/search/detail.asp?aID=2&ID=7191
Tagiau: Ychwanegu Tag
Dim Tagiau, Byddwch y cyntaf i dagio'r cofnod hwn!
Thư viện lưu trữ: Trung tâm Học liệu Trường Đại học Thủ Dầu Một
LEADER 00681nam a2200217Ia 4500
001 TDMU_7191
008 210410s9999 xx 000 0 und d
082 |a 005.13 
090 |b G109 
100 |a Garside, Roger 
245 0 |a Java 
245 0 |b first contact 
245 0 |c Roger Garside, John Mariani 
260 |a Brooks/cole 
260 |b Thomson Learning 
260 |c 2003 
300 |a xix, 626 p. 
650 |a Java (Computer program language) ; Java (Ngôn ngữ lập trình máy tính)  
700 |a Mariani, John 
856 |u http://lrc.tdmu.edu.vn/opac/search/detail.asp?aID=2&ID=7191 
980 |a Trung tâm Học liệu Trường Đại học Thủ Dầu Một